Business and Administrative Communication, (Record no. 4930)

MARC details
005 - DATE AND TIME OF LATEST TRANSACTION
control field 20250625071028.0
020 ## - INTERNATIONAL STANDARD BOOK NUMBER
International Standard Book Number 0-07-2964446-4
082 ## - DEWEY DECIMAL CLASSIFICATION NUMBER
Classification number 651.7LOC
100 ## - MAIN ENTRY--PERSONAL NAME
Author name LOCKER .K . O
245 ## - TITLE STATEMENT
Title Business and Administrative Communication,
250 ## - EDITION STATEMENT
Edition statement 7th Ed.
260 ## - PUBLICATION, DISTRIBUTION, ETC.
Place of publication, distribution, etc. New York,
Name of publisher, distributor, etc. McGraw-Hill,
Date of publication, distribution, etc. 2006.
300 ## - PHYSICAL DESCRIPTION
Extent xxx.; 679p.; ill.; figure, picture
Other physical details Glossary & Index
Dimensions 28cm.
942 ## - ADDED ENTRY ELEMENTS (KOHA)
Source of classification or shelving scheme Dewey Decimal Classification
Koha item type Books
Holdings
Date last seen Total checkouts Full call number Barcode Cost, replacement price Price effective from Koha item type Lost status Source of classification or shelving scheme Damaged status Not for loan Withdrawn status Home library Current library Shelving location Date acquired Cost, normal purchase price
06/25/2025   651.7 LOC DOM0002861 255000.00 06/25/2025 Books   Dewey Decimal Classification       CBE Dodoma CBE Dodoma General Collection 02/17/2010 85000.00
06/25/2025   651.7 LOC DOM0002862 255000.00 06/25/2025 Books   Dewey Decimal Classification       CBE Dodoma CBE Dodoma General Collection 02/17/2010 85000.00
06/25/2025   651.7 LOC DOM0002863 255000.00 06/25/2025 Books   Dewey Decimal Classification       CBE Dodoma CBE Dodoma General Collection 02/17/2010 85000.00
06/25/2025   651.7 LOC DOM0002864 255000.00 06/25/2025 Books   Dewey Decimal Classification       CBE Dodoma CBE Dodoma General Collection 02/17/2010 85000.00
06/25/2025   651.7 LOC DOM0002865 255000.00 06/25/2025 Books   Dewey Decimal Classification       CBE Dodoma CBE Dodoma General Collection 02/17/2010 85000.00
06/25/2025   651.7 LOC DOM0002866 255000.00 06/25/2025 Books   Dewey Decimal Classification       CBE Dodoma CBE Dodoma General Collection 02/17/2010 85000.00
06/25/2025   651.7 LOC DOM0002867 255000.00 06/25/2025 Books   Dewey Decimal Classification       CBE Dodoma CBE Dodoma General Collection 02/17/2010 85000.00
06/25/2025   651.7 LOC DOM0002860 255000.00 06/25/2025 Books   Dewey Decimal Classification       CBE Dodoma CBE Dodoma General Collection 02/17/2010 85000.00
06/25/2025   651.7 LOC DOM0002858 255000.00 06/25/2025 Books   Dewey Decimal Classification       CBE Dodoma CBE Dodoma General Collection 02/17/2010 85000.00
06/25/2025   651.7 LOC DOM0002859 255000.00 06/25/2025 Books   Dewey Decimal Classification       CBE Dodoma CBE Dodoma General Collection 02/17/2010 85000.00